Блочная структура кристаллов и ее модулирование в тонком протонированном слое: автореферат диссертации на соискание ученой степени доктора физико-математических наук

Bibliographische Detailangaben
1. Verfasser: Семухин Б. С. Борис Семенович
Sprache:Russisch
Veröffentlicht: Томск, [Б. и.], 1998
Schlagworte:
Format: Buch
KOHA link:https://koha.lib.tpu.ru/cgi-bin/koha/opac-detail.pl?biblionumber=7750

MARC

LEADER 00000nam0a2200000 4500
001 7750
005 20231101204546.0
035 |a (RuTPU)RU\TPU\book\7795 
035 |a BOOK00007854 
090 |a 7750 
100 |a 20011209d1998 k y0rusy50 ca 
101 0 |a rus 
102 |a RU 
105 |a y dm 000zy 
200 1 |a Блочная структура кристаллов и ее модулирование в тонком протонированном слое  |e автореферат диссертации на соискание ученой степени доктора физико-математических наук  |f Б. С. Семухин 
210 |a Томск  |c [Б. и.]  |d 1998 
215 |a 48 с. 
606 1 |a Кристаллография структурная  |2 stltpush  |3 (RuTPU)RU\TPU\subj\16334  |9 42437 
610 1 |a модулирование 
610 1 |a протонирование 
610 1 |a авторефераты диссертаций 
610 1 |a кристаллы 
675 |a 548.7(04)  |v 3 
700 1 |a Семухин  |b Б. С.  |g Борис Семенович 
801 0 |a RU  |b 63413507  |c 20011209  |g PSBO 
801 2 |a RU  |b 63413507  |c 20200825  |g PSBO 
942 |c BK